000 00710nam a2200217 a 4500
001 64326
003 BD-RjUL
005 20211209081308.0
008 170213s1969 bg ||||| |||| 00| 0 eng d
035 _a(BD-RjUL)64456
040 _aBD-RjUL
_bben
_cBD-RjUL
_dBD-RjUL
041 _aben
082 _223
_a891.443
_bISO
100 _aইসলাম, জহিরুল
_9170417
245 _aঅগ্নিসাক্ষী /
_cজহিরুল ইসলাম
260 _aঢাকা :
_bডিসটিলারি,
_c১৯৬৯.
300 _a139 পৃ. ;
_c২৪ সিমি.
650 _aবাংলা উপন্যাস
_9170454
650 _aBengali Fiction
_9170455
942 _2ddc
_cBK
999 _c64326
_d64326